000 00881nam a22002777a 4500
001 7381
003 FISKH
005 20260323152457.0
008 250711b cb ||||| |||| 00| 0 eng d
020 _a9781481437349
040 _aFISKH
_beng
_cFISKH
_dFISKH
050 _aPZ7.P3738 M
082 _a577
100 _aPendergrass, Daphne
245 _aMeet the Penguins! /
_cby Daphne Pendergrass
260 _aNew York :
_bSimon Spotlight,
_c2014.
300 _a24 unnumbered pages :
_bcolor illustrations ;
_c21 cm
490 _aDream works penguins
505 _aP
520 _aIntroduces the penguins of Madagascar--Skipper, Kowalski, Rico, and Private--and describes their continued plight to escape to the South Pole.
521 8 _a650
_bLexile Adjusted
521 8 _aP
_bRaz-Plus
650 _aWinnie the Twit
942 _2ddc
_cBK
_n0
999 _c7381
_d7381